Normal view MARC view
  • Cremers, David A.

Entry Personal Name

Number of records used in: 4

001 - CONTROL NUMBER

  • control field: 1102

003 - CONTROL NUMBER IDENTIFIER

  • control field: NUST

005 - DATE AND TIME OF LATEST TRANSACTION

  • control field: 20170518141615.0

008 - FIXED-LENGTH DATA ELEMENTS

  • fixed length control field: 170518|| aca||aabn | a|a d

040 ## - CATALOGING SOURCE

  • Original cataloging agency: NUST
  • Transcribing agency: NUST

100 ## - HEADING--PERSONAL NAME

  • Personal name: Cremers, David A.

670 ## - SOURCE DATA FOUND

  • Source citation: Work cat.: (NUST)0: Cremers, David A., Handbook of laser-induced breakdown spectroscopy /, c2006.
© 2023 Central Library, National University of Sciences and Technology. All Rights Reserved.